Kant y el problema de la metafísica

Na minha lista:
Detalhes bibliográficos
Outros Autores: Ibscher Roth, Gred (traductor)
Formato: Livro
Idioma:espanhol
Publicado em: Ciudad de México Fondo de Cultura Económica 1981
Edição:2a. ed
coleção:Sección de Obras Filosofía
Assuntos:
Tags: Adicionar Tag
Sem tags, seja o primeiro a adicionar uma tag!

MARC

LEADER 00000nam a2200000 a 4500
001 UCZ2255
003 CL-VaPUC
005 20241127084741.0
008 950926e19810000MX |||||||||||||||||spa|d
999 |c 238892  |d 238890 
040 |c Pontificia Universidad Católica de Valparaíso 
082 0 4 |a 142.3  |b HEI  |2 21 
245 1 0 |a Kant y el problema de la metafísica 
250 |a 2a. ed 
260 |a Ciudad de México  |b Fondo de Cultura Económica  |c 1981 
300 |a 231 p 
490 0 |a Sección de Obras Filosofía 
583 |a last modification  |c 19950926 00:00:00  |k Rodrigo Vera 
600 0 |a Kant, Immanuel,  |d 1724-1804  |9 858687 
650 0 |a Metafísica  |9 265649 
650 0 |a Ontología   |9 256850 
700 1 |a Ibscher Roth, Gred  |e traductor  |9 863510 
942 |c BK  |2 ddc 
945 |d 19950926 00:00:00  |a lriquelm 
952 |0 0  |1 0  |4 0  |6 142_300000000000000_HEI_1981  |7 0  |8 R  |9 249481  |a BIBEDU  |b BIBEDU  |c MCIRC  |d 2019-11-18  |i 1566652  |o 142.3 HEI 1981  |p 1566652  |r 2023-01-13  |w 2019-11-18  |y BK_R  |k FIL 
952 |0 0  |1 0  |4 0  |6 142_300000000000000_HEI_1981  |7 0  |8 A  |9 249482  |a BIBARQ  |b BIBARQ  |d 2019-11-18  |i 2637774  |o 142.3 HEI 1981  |p 2637774  |r 2025-01-20  |w 2019-11-18  |y BK  |k ARQ